000 01131nam a2200301Ia 4500
001 ebr10085642
003 CaPaEBR
006 m u
007 cr cn|||||||||
008 000815s2005 enk s 000 0 eng d
020 _z9781845442880
020 _z1845441273
040 _aCaPaEBR
_cCaPaEBR
035 _a(OCoLC)567913811
050 1 4 _aHF5668.25
_b.I67 2005eb
082 0 4 _a658/.4013
_222
245 0 0 _aImproving organisational performance
_h[electronic resource] /
_cEditor: Gerald Vinten.
260 _aBradford, England :
_bEmerald Group Publishing,
_cc2005.
300 _a110 p.
490 0 _aManagerial auditing journal ;
_vv.20, no. 4
533 _aElectronic reproduction.
_bPalo Alto, Calif. :
_cebrary,
_d2009.
_nAvailable via World Wide Web.
_nAccess may be limited to ebrary affiliated libraries.
650 0 _aAuditing, Internal.
650 0 _aManagement audit.
655 7 _aElectronic books.
_2local
700 1 _aVinten, Gerald.
710 2 _aebrary, Inc.
856 4 0 _uhttp://site.ebrary.com/lib/rucke/Doc?id=10085642
_zAn electronic book accessible through the World Wide Web; click to view
999 _c49756
_d49756